[Event "Stay Safe Play From Home 394"]
[Site "Emanuel Lasker Arena"]
[Date "2020.08.19"]
[Round "6"]
[White "MihailoVujic"]
[Black "IceQueen"]
[Result "0-1"]
[WhiteElo "2096"]
[BlackElo "2350"]
[PlyCount "78"]
[EventDate "2020.08.19"]
[EventType "swiss (blitz)"]

1. e4 {[%emt 0:00:01]} c5 {[%emt 0:00:01]} 2. c3 {[%emt 0:00:01]} d5 {[%emt 0:00:01]} 3. exd5 {[%emt 0:00:01]} Qxd5 {[%emt 0:00:00]} 4. d4 {[%emt 0:00:00]} Nf6 {[%emt 0:00:00]} 5. Nf3 {[%emt 0:00:00]} Nc6 {[%emt 0:00:00]} 6. dxc5 {[%emt 0:00:01]} Qxd1+ {[%emt 0:00:02]} 7. Kxd1 {[%emt 0:00:02]} Bf5 {[%emt 0:00:00]} 8. Be3 {[%emt 0:00:02]} e6 {[%emt 0:00:01]} 9. b4 {[%emt 0:00:01]} O-O-O+ {[%emt 0:00:00]} 10. Kc1 {[%emt 0:00:01]} Ng4 {[%emt 0:00:00]} 11. Bb5 {[%emt 0:00:01]} Nxe3 {[%emt 0:00:02]} 12. fxe3 {[%emt 0:00:01]} g6 {[%emt 0:00:01]} 13. Bxc6 {[%emt 0:00:01]} bxc6 {[%emt 0:00:00]} 14. Nd4 {[%emt 0:00:01]} Be4 {[%emt 0:00:03]} 15. Rg1 {[%emt 0:00:03]} e5 {[%emt 0:00:01]} 16. Nb3 {[%emt 0:00:04]} Bh6 {[%emt 0:00:00]} 17. Kb2 {[%emt 0:00:04]} f5 {[%emt 0:00:04]} 18. N1d2 {[%emt 0:00:02]} Bd3 {[%emt 0:00:03]} 19. Rge1 {[%emt 0:00:02]} Rd7 {[%emt 0:00:02]} 20. Nf3 {[%emt 0:00:02]} Bg7 {[%emt 0:00:00]} 21. Rad1 {[%emt 0:00:02]} Rhd8 {[%emt 0:00:01]} 22. a4 {[%emt 0:00:02]} h6 {[%emt 0:00:03]} 23. Ka3 {[%emt 0:00:01]} g5 {[%emt 0:00:01]} 24. h3 {[%emt 0:00:01]} Bf6 {[%emt 0:00:01]} 25. Na5 {[%emt 0:00:03]} Kc7 {[%emt 0:00:01]} 26. c4 {[%emt 0:00:03]} g4 {[%emt 0:00:01]} 27. hxg4 {[%emt 0:00:01]} fxg4 {[%emt 0:00:00]} 28. Nd2 {[%emt 0:00:01]} Bc2 {[%emt 0:00:01]} 29. b5 {[%emt 0:00:03]} Bxd1 {[%emt 0:00:01]} 30. Nxc6 {[%emt 0:00:01]} Rxd2 {[%emt 0:00:03]} 31. Nxd8 {[%emt 0:00:01]} Kxd8 {[%emt 0:00:02]} 32. c6 {[%emt 0:00:01]} e4 {[%emt 0:00:01]} 33. Kb4 {[%emt 0:00:01]} Rb2+ {[%emt 0:00:02]} 34. Kc5 {[%emt 0:00:01]} Bxa4 {[%emt 0:00:00]} 35. Ra1 {[%emt 0:00:02]} Be7+ {[%emt 0:00:05]} 36. Kd5 {[%emt 0:00:01]} Rd2+ {[%emt 0:00:01]} 37. Ke6 {[%emt 0:00:01]} Bb3 {[%emt 0:00:01]} 38. Rxa7 {[%emt 0:00:01]} Bxc4+ {[%emt 0:00:00]} 39. Ke5 {[%emt 0:00:00]} Bd6+ {[%emt 0:00:02] Time Time Time (Lag: Av=0.56s, max=1.2s) (Lag: Av=0.56s, max=1.2s) (Lag: Av=0.56s, max=1.2s) . . .} 0-1

[Event "Stay Safe Play From Home 394"]
[Site "Emanuel Lasker Arena"]
[Date "2020.08.19"]
[Round "6"]
[White "Fat Kevin"]
[Black "Tran Minh Thang"]
[Result "1-0"]
[WhiteElo "2019"]
[BlackElo "2511"]
[PlyCount "85"]
[EventDate "2020.08.19"]
[EventType "swiss (blitz)"]

1. d4 {[%emt 0:00:01]} Nf6 {[%emt 0:00:01]} 2. c4 {[%emt 0:00:00]} e6 {[%emt 0:00:00]} 3. Nc3 {[%emt 0:00:00]} d5 {[%emt 0:00:00]} 4. Nf3 {[%emt 0:00:00]} Bb4 {[%emt 0:00:01]} 5. Bg5 {[%emt 0:00:00]} O-O {[%emt 0:00:01]} 6. e3 {[%emt 0:00:01]} b6 {[%emt 0:00:01]} 7. Qb3 {[%emt 0:00:01]} a5 {[%emt 0:00:02]} 8. a3 {[%emt 0:00:01]} Bxc3+ {[%emt 0:00:01]} 9. bxc3 {[%emt 0:00:00]} Ba6 {[%emt 0:00:01]} 10. Ne5 {[%emt 0:00:03]} h6 {[%emt 0:00:11]} 11. Bh4 {[%emt 0:00:02]} g5 {[%emt 0:00:01]} 12. Bg3 {[%emt 0:00:01]} Ne4 {[%emt 0:00:01]} 13. Bd3 {[%emt 0:00:05]} f6 {[%emt 0:00:06]} 14. Bxe4 {[%emt 0:00:07]} dxe4 {[%emt 0:00:03]} 15. Ng4 {[%emt 0:00:02]} h5 {[%emt 0:00:03]} 16. c5 {[%emt 0:00:02]} Qd5 {[%emt 0:00:08]} 17. Qd1 {[%emt 0:00:04]} hxg4 {[%emt 0:00:01]} 18. Qxg4 {[%emt 0:00:00]} Qf5 {[%emt 0:00:01]} 19. Qh5 {[%emt 0:00:02]} bxc5 {[%emt 0:00:01]} 20. h4 {[%emt 0:00:01]} g4 {[%emt 0:00:02]} 21. Qh6 {[%emt 0:00:02]} Rf7 {[%emt 0:00:02]} 22. Rb1 {[%emt 0:00:04]} Rh7 {[%emt 0:00:01]} 23. Qf4 {[%emt 0:00:01]} Qxf4 {[%emt 0:00:00]} 24. Bxf4 {[%emt 0:00:00]} cxd4 {[%emt 0:00:01]} 25. cxd4 {[%emt 0:00:01]} Nc6 {[%emt 0:00:01]} 26. Rc1 {[%emt 0:00:01]} Ne7 {[%emt 0:00:00]} 27. Rxc7 {[%emt 0:00:01]} Nd5 {[%emt 0:00:00]} 28. Rc6 {[%emt 0:00:01]} Bc8 {[%emt 0:00:02]} 29. Bg3 {[%emt 0:00:02]} Bd7 {[%emt 0:00:00]} 30. Rc5 {[%emt 0:00:02]} Rc8 {[%emt 0:00:00]} 31. Rxc8+ {[%emt 0:00:03]} Bxc8 {[%emt 0:00:00]} 32. O-O {[%emt 0:00:00]} Rb7 {[%emt 0:00:00]} 33. Rc1 {[%emt 0:00:00]} Bd7 {[%emt 0:00:00]} 34. Rc5 {[%emt 0:00:01]} Kf7 {[%emt 0:00:00]} 35. a4 {[%emt 0:00:00]} Bxa4 {[%emt 0:00:01]} 36. Rxa5 {[%emt 0:00:01]} Bd7 {[%emt 0:00:01]} 37. Ra8 {[%emt 0:00:00]} Rb1+ {[%emt 0:00:01]} 38. Kh2 {[%emt 0:00:01]} Nb4 {[%emt 0:00:00]} 39. Rh8 {[%emt 0:00:00]} Kg7 {[%emt 0:00:00]} 40. Rd8 {[%emt 0:00:00]} Bc6 {[%emt 0:00:01]} 41. Rb8 {[%emt 0:00:00]} Bd5 {[%emt 0:00:01]} 42. Rc8 {[%emt 0:00:00]} Rb2 {[%emt 0:00:00]} 43. Rc7+ {[%emt 0:00:00] Time Time Time (Lag: Av=0.72s, max=1.1s) (Lag: Av=0.72s, max=1.1s) (Lag: Av=0.72s, max=1.1s)} 1-0

[Event "Stay Safe Play From Home 394"]
[Site "Emanuel Lasker Arena"]
[Date "2020.08.19"]
[Round "6"]
[White "SashaGrebeniuc"]
[Black "Dreamsoldier"]
[Result "1-0"]
[WhiteElo "1117"]
[BlackElo "1237"]
[Annotator "NA"]
[PlyCount "21"]
[EventDate "2020.08.19"]
[EventType "swiss (blitz)"]

1. e4 {[%emt 0:00:01]} Nf6 {[%emt 0:00:00]} 2. e5 {[%emt 0:00:02]} Nd5 {[%emt 0:00:00]} 3. c4 {[%emt 0:00:06]} Nb6 {[%emt 0:00:00]} 4. c5 {[%emt 0:00:02]} Nd5 {[%emt 0:00:01]} 5. d4 {[%emt 0:00:08]} Ne3 {[%emt 0:00:00]} 6. Bxe3 {[%emt 0:00:02]} d6 {[%emt 0:00:04]} 7. cxd6 {[%emt 0:00:01]} cxd6 {[%emt 0:00:01]} 8. exd6 {[%emt 0:00:01]} exd6 {[%emt 0:00:00]} 9. Qa4+ {[%emt 0:00:01]} Nc6 {[%emt 0:00:00]} 10. Bb5 {[%emt 0:00:02]} Bd7 {[%emt 0:00:50]} 11. d5 {[%emt 0:00:03] Zaman Zaman Zaman (Lag: Av=0.68s, max=0.9s) (Lag: Av=0.68s, max=0.9s) (Lag: Av=0.68s, max=0.9s)} 1-0

[Event "Stay Safe Play From Home 394"]
[Site "Emanuel Lasker Arena"]
[Date "2020.08.19"]
[Round "7"]
[White "NTBT_DHS"]
[Black "Fat Kevin"]
[Result "1-0"]
[WhiteElo "2540"]
[BlackElo "2051"]
[Annotator "TA"]
[PlyCount "105"]
[EventDate "2020.08.19"]
[EventType "swiss (blitz)"]

{[%evp 13,105,47,53,22,81,25,31,20,21,21,21,21,27,11,140,135,137,107,160,149,157,110,130,133,123,39,200,195,202,150,292,277,290,295,318,194,194,194,193,176,239,238,225,222,250,246,243,264,359,262,344,356,750,326,331,222,235,0,0,0,0,-142,-158,-137,-150,-137,-110,-29990,0,-3134,-2966,-29980,-29981,-12837,-425,-2277,2246,2263,29977,29978,12842,12842,29988,29989,29991,29992,29992,29993,29994,29992,29995,29993,29993,29994]} 1. d4 c5 2. d5 d6 3. Nc3 Nf6 4. e4 g6 5. Bb5+ Bd7 6. a4 Bg7 7. Nf3 O-O 8. Nd2 {A43: Schmid Benoni.} a6 {[#]} (8... Bxb5 $11 {remains equal.} 9. axb5 Nfd7) 9. Bxd7 $146 (9. Be2 $16) ({Predecessor:} 9. Be2 e6 10. O-O exd5 11. exd5 Re8 12. Nc4 Bf5 13. Bf3 b6 14. Bf4 Bf8 15. h3 Ra7 {1-0 (30) Shtembuliak,E (2517)-Schippers,M (2303) Suwalki 2018}) 9... Nbxd7 $11 10. a5 {White is slightly better.} b6 11. axb6 Nxb6 12. O-O Re8 13. Nb3 e5 (13... e6 $11) 14. Na5 Qd7 15. Qd3 h6 (15... Nh5 $142) 16. Be3 $16 Nh5 17. g3 f5 18. f3 f4 19. Bf2 ({Better is} 19. g4 $1 $16) 19... Rf8 $2 ({Black should play} 19... fxg3 $14 20. Bxg3 Bf6) 20. g4 $1 $18 {[%cal Rg4h5]} Nf6 21. Nc6 c4 (21... g5 $16 {was called for.} 22. Kg2 Nc8) 22. Qe2 Nc8 23. h3 (23. Qxc4 Nxg4 24. Rxa6 Rxa6 $16) 23... Ne7 24. Nxe7+ Qxe7 25. Qxc4 Rfc8 26. Qd3 Rcb8 (26... Qb7 $142 27. Ra2 Nd7) 27. b3 ({Don't do} 27. Rxa6 Rxa6 28. Qxa6 Rxb2) 27... a5 28. Nb5 h5 29. c4 hxg4 30. hxg4 Kf7 31. Kg2 Rh8 32. Rh1 Nh7 $2 {[#]} (32... Rxh1 33. Rxh1 g5) 33. Bh4 (33. c5 $142 $1 {[%mdl 512]}) 33... Bf6 34. Be1 {Black must now prevent c5.} Ng5 {Threatening ...Rxh1.} 35. Rxh8 $2 (35. Bf2 $18) 35... Rxh8 $11 36. Rxa5 Qf8 $1 {Strongly threatening ...Be7.} 37. Ra7+ {[#]} (37. Nxd6+ $11 {keeps the balance.} Qxd6 38. c5) 37... Be7 $1 $17 {Hoping for ...Qh6.} 38. Nxd6+ Kg8 {( -> ...Qh6)} 39. Nc8 Bc5 40. Ra8 $2 {[%mdl 8192] [#]} (40. d6 $17 Rh2+ 41. Kf1 Bxa7 42. Qd5+ (42. Nxa7 $2 Qh6 $19) 42... Nf7 43. d7 (43. Nxa7 $2 Qh6 $19)) 40... Kh7 $2 (40... Rh2+ $3 {[%mdl 512] mates} 41. Kf1 (41. Kxh2 Qh6+) 41... Qh6 42. Ne7+ {[%mdl 64] Discovered Attack (Double check)} Kf7 43. Rf8+ Kxe7 44. Rh8 Qxh8 45. d6+ Kd7 46. Bg3 Qh3+ {[%mdl 64] Double Attack} 47. Ke1 Qxg3+ {[%mdl 64] Double Attack} 48. Kd1 Qg1+ 49. Qf1 Qxf1#) 41. Nb6 $2 {[%mdl 8192]} (41. b4 $11 Qh6 42. bxc5) 41... Qh6 $19 {[%csl Gg5][%cal Rh6h3]} 42. Rxh8+ Kxh8 {[%csl Gg5][%cal Rh6h3]} 43. Kf1 Qh3+ (43... Qh1+ $142 44. Ke2 Be3 45. Qxe3 fxe3) 44. Ke2 {Threatens to win with Nd7.} Qxf3+ $4 {[%mdl 8192]} (44... Be3 $19 45. Kd1 Nxf3) 45. Qxf3 $18 Nxf3 46. Kxf3 Bxb6 $19 {[%mdl 4096] Endgame KB-KB} 47. b4 Bd4 48. c5 {White mates.} g5 49. d6 Kg7 50. d7 Bxc5 51. d8=Q Be7 {[#]} 52. Qd7 $1 Kf6 53. b5 {Accuracy: White = 54%, Black = 46%.} 1-0

[Event "Stay Safe Play From Home 394"]
[Site "Emanuel Lasker Arena"]
[Date "2020.08.19"]
[Round "7"]
[White "Tran Minh Thang"]
[Black "AChessPlayer"]
[Result "0-1"]
[WhiteElo "2479"]
[BlackElo "2342"]
[PlyCount "88"]
[EventDate "2020.08.19"]
[EventType "swiss (blitz)"]

1. d4 {[%emt 0:00:01]} Nf6 {[%emt 0:00:01]} 2. Bf4 {[%emt 0:00:01]} d6 {[%emt 0:00:00]} 3. e3 {[%emt 0:00:01]} Nbd7 {[%emt 0:00:00]} 4. Nf3 {[%emt 0:00:00]} g6 {[%emt 0:00:01]} 5. Be2 {[%emt 0:00:00]} Bg7 {[%emt 0:00:00]} 6. O-O {[%emt 0:00:00]} O-O {[%emt 0:00:00]} 7. h3 {[%emt 0:00:00]} Re8 {[%emt 0:00:01]} 8. c3 {[%emt 0:00:00]} b6 {[%emt 0:00:00]} 9. a4 {[%emt 0:00:01]} a6 {[%emt 0:00:01]} 10. Na3 {[%emt 0:00:01]} Bb7 {[%emt 0:00:00]} 11. Nc4 {[%emt 0:00:00]} Ne4 {[%emt 0:00:01]} 12. Bh2 {[%emt 0:00:01]} c5 {[%emt 0:00:04]} 13. Qc2 {[%emt 0:00:02]} Ndf6 {[%emt 0:00:02]} 14. dxc5 {[%emt 0:00:01]} bxc5 {[%emt 0:00:02]} 15. Rfd1 {[%emt 0:00:01]} Rb8 {[%emt 0:00:01]} 16. Nfd2 {[%emt 0:00:01]} Nxd2 {[%emt 0:00:01]} 17. Rxd2 {[%emt 0:00:01]} Qc7 {[%emt 0:00:00]} 18. Nxd6 {[%emt 0:00:02]} exd6 {[%emt 0:00:01]} 19. Bxd6 {[%emt 0:00:00]} Qc6 {[%emt 0:00:02]} 20. Bf3 {[%emt 0:00:01]} Ne4 {[%emt 0:00:01]} 21. Bxb8 {[%emt 0:00:02]} Rxb8 {[%emt 0:00:00]} 22. Rad1 {[%emt 0:00:01]} Bf6 {[%emt 0:00:06]} 23. Rd7 {[%emt 0:00:06]} Re8 {[%emt 0:00:03]} 24. Qb3 {[%emt 0:00:05]} Re7 {[%emt 0:00:09]} 25. Qxb7 {[%emt 0:00:01]} Qxb7 {[%emt 0:00:02]} 26. Rxb7 {[%emt 0:00:00]} Rxb7 {[%emt 0:00:00]} 27. Bxe4 {[%emt 0:00:00]} Rxb2 {[%emt 0:00:00]} 28. Rd7 {[%emt 0:00:01]} Bxc3 {[%emt 0:00:02]} 29. Bd5 {[%emt 0:00:01]} Rb1+ {[%emt 0:00:01]} 30. Kh2 {[%emt 0:00:01]} Rc1 {[%emt 0:00:01]} 31. Rxf7 {[%emt 0:00:01]} Kh8 {[%emt 0:00:01]} 32. f4 {[%emt 0:00:02]} Bd2 {[%emt 0:00:01]} 33. e4 {[%emt 0:00:01]} c4 {[%emt 0:00:01]} 34. Kg3 {[%emt 0:00:05]} c3 {[%emt 0:00:01]} 35. Rc7 {[%emt 0:00:01]} g5 {[%emt 0:00:02]} 36. f5 {[%emt 0:00:01]} Bf4+ {[%emt 0:00:01]} 37. Kg4 {[%emt 0:00:00]} Bxc7 {[%emt 0:00:00]} 38. f6 {[%emt 0:00:00]} Be5 {[%emt 0:00:00]} 39. Kf5 {[%emt 0:00:01]} Bxf6 {[%emt 0:00:02]} 40. Kxf6 {[%emt 0:00:00]} c2 {[%emt 0:00:00]} 41. Bb3 {[%emt 0:00:02]} Rf1+ {[%emt 0:00:00]} 42. Kxg5 {[%emt 0:00:00]} c1=Q+ {[%emt 0:00:00]} 43. Kg4 {[%emt 0:00:01]} Qf4+ {[%emt 0:00:00]} 44. Kh5 {[%emt 0:00:00]} h6 {[%emt 0:00:00] Tran Minh Thang resigns Tran Minh Thang resigns Tran Minh Thang resigns (Lag: Av=0.79s, max=1.1s) (Lag: Av=0.79s, max=1.1s) (Lag: Av=0.79s, max=1.1s)} 0-1

[Event "Stay Safe Play From Home 394"]
[Site "Emanuel Lasker Arena"]
[Date "2020.08.19"]
[Round "7"]
[White "IceQueen"]
[Black "Lamborghini"]
[Result "1-0"]
[WhiteElo "2357"]
[BlackElo "2367"]
[PlyCount "79"]
[EventDate "2020.08.19"]
[EventType "swiss (blitz)"]

1. e4 {[%emt 0:00:02]} c5 {[%emt 0:00:01]} 2. Nc3 {[%emt 0:00:00]} d6 {[%emt 0:00:00]} 3. Nf3 {[%emt 0:00:00]} Nf6 {[%emt 0:00:01]} 4. Bc4 {[%emt 0:00:00]} e6 {[%emt 0:00:01]} 5. d3 {[%emt 0:00:00]} Be7 {[%emt 0:00:01]} 6. O-O {[%emt 0:00:01]} O-O {[%emt 0:00:00]} 7. Re1 {[%emt 0:00:00]} Nc6 {[%emt 0:00:00]} 8. Bf4 {[%emt 0:00:01]} b6 {[%emt 0:00:01]} 9. e5 {[%emt 0:00:01]} dxe5 {[%emt 0:00:01]} 10. Nxe5 {[%emt 0:00:00]} Nd4 {[%emt 0:00:00]} 11. Nb5 {[%emt 0:00:04]} Nxb5 {[%emt 0:00:03]} 12. Bxb5 {[%emt 0:00:00]} Bb7 {[%emt 0:00:01]} 13. Nc6 {[%emt 0:00:01]} Bxc6 {[%emt 0:00:01]} 14. Bxc6 {[%emt 0:00:00]} Rc8 {[%emt 0:00:02]} 15. Bb7 {[%emt 0:00:01]} Rc7 {[%emt 0:00:01]} 16. Bxc7 {[%emt 0:00:02]} Qxc7 {[%emt 0:00:00]} 17. Bf3 {[%emt 0:00:00]} Bd6 {[%emt 0:00:01]} 18. g3 {[%emt 0:00:01]} Rd8 {[%emt 0:00:00]} 19. Qe2 {[%emt 0:00:00]} Bf8 {[%emt 0:00:01]} 20. Rad1 {[%emt 0:00:01]} g6 {[%emt 0:00:00]} 21. c3 {[%emt 0:00:00]} Bg7 {[%emt 0:00:01]} 22. d4 {[%emt 0:00:00]} cxd4 {[%emt 0:00:01]} 23. Rxd4 {[%emt 0:00:00]} Rxd4 {[%emt 0:00:01]} 24. cxd4 {[%emt 0:00:00]} Qd6 {[%emt 0:00:00]} 25. Rd1 {[%emt 0:00:01]} h5 {[%emt 0:00:01]} 26. a3 {[%emt 0:00:01]} Nd7 {[%emt 0:00:02]} 27. Kg2 {[%emt 0:00:01]} Bxd4 {[%emt 0:00:02]} 28. Qa6 {[%emt 0:00:05]} e5 {[%emt 0:00:04]} 29. Qxa7 {[%emt 0:00:02]} Nf6 {[%emt 0:00:01]} 30. Qa8+ {[%emt 0:00:01]} Kg7 {[%emt 0:00:01]} 31. Qc6 {[%emt 0:00:00]} Qe7 {[%emt 0:00:02]} 32. b4 {[%emt 0:00:02]} g5 {[%emt 0:00:01]} 33. h3 {[%emt 0:00:02]} g4 {[%emt 0:00:01]} 34. hxg4 {[%emt 0:00:00]} hxg4 {[%emt 0:00:00]} 35. Be4 {[%emt 0:00:00]} Nxe4 {[%emt 0:00:05]} 36. Qxe4 {[%emt 0:00:00]} Qe6 {[%emt 0:00:01]} 37. Rh1 {[%emt 0:00:01]} f5 {[%emt 0:00:01]} 38. Qb7+ {[%emt 0:00:01]} Kf6 {[%emt 0:00:02]} 39. Rh6+ {[%emt 0:00:01]} Kg5 {[%emt 0:00:01]} 40. Qg7+ {[%emt 0:00:01] Lamborghini gibt auf Lamborghini gibt auf Lamborghini gibt auf (Lag: Av=0.41s, max=0.6s) (Lag: Av=0.41s, max=0.6s) (Lag: Av=0.41s, max=0.6s)} 1-0

[Event "Stay Safe Play From Home 394"]
[Site "Emanuel Lasker Arena"]
[Date "2020.08.19"]
[Round "7"]
[White "Mepe_Nika"]
[Black "TheCHESSHOUSE"]
[Result "1-0"]
[WhiteElo "2353"]
[BlackElo "2005"]
[PlyCount "87"]
[EventDate "2020.08.19"]
[EventType "swiss (blitz)"]

1. d4 {[%emt 0:00:01]} Nf6 {[%emt 0:00:02]} 2. Bf4 {[%emt 0:00:01]} g6 {[%emt 0:00:00]} 3. Nc3 {[%emt 0:00:01]} Bg7 {[%emt 0:00:00]} 4. e4 {[%emt 0:00:00]} d6 {[%emt 0:00:00]} 5. Qd2 {[%emt 0:00:00]} O-O {[%emt 0:00:00]} 6. Bh6 {[%emt 0:00:01]} Nc6 {[%emt 0:00:00]} 7. O-O-O {[%emt 0:00:02]} Bxh6 {[%emt 0:00:03]} 8. Qxh6 {[%emt 0:00:00]} Ng4 {[%emt 0:00:00]} 9. Qd2 {[%emt 0:00:02]} e5 {[%emt 0:00:01]} 10. Nge2 {[%emt 0:00:03]} Nxf2 {[%emt 0:00:02]} 11. Ng3 {[%emt 0:00:16]} Nxh1 {[%emt 0:00:06]} 12. dxe5 {[%emt 0:00:02]} Nxg3 {[%emt 0:00:07]} 13. hxg3 {[%emt 0:00:02]} Nxe5 {[%emt 0:00:01]} 14. Be2 {[%emt 0:00:01]} f5 {[%emt 0:00:06]} 15. Rh1 {[%emt 0:00:01]} fxe4 {[%emt 0:00:04]} 16. Nd5 {[%emt 0:00:02]} Rf7 {[%emt 0:00:02]} 17. Qh6 {[%emt 0:00:02]} Be6 {[%emt 0:00:01]} 18. Nf4 {[%emt 0:00:01]} Qd7 {[%emt 0:00:02]} 19. g4 {[%emt 0:00:08]} Bxg4 {[%emt 0:00:05]} 20. Bxg4 {[%emt 0:00:02]} Qxg4 {[%emt 0:00:00]} 21. Nd5 {[%emt 0:00:03]} Qe6 {[%emt 0:00:05]} 22. Nf4 {[%emt 0:00:02]} Rxf4 {[%emt 0:00:02]} 23. Qxh7+ {[%emt 0:00:01]} Kf8 {[%emt 0:00:01]} 24. Qh8+ {[%emt 0:00:00]} Qg8 {[%emt 0:00:01]} 25. Qh6+ {[%emt 0:00:01]} Qg7 {[%emt 0:00:01]} 26. Qxf4+ {[%emt 0:00:00]} Ke7 {[%emt 0:00:01]} 27. Qh2 {[%emt 0:00:00]} Rf8 {[%emt 0:00:02]} 28. Kb1 {[%emt 0:00:00]} Qf6 {[%emt 0:00:01]} 29. a3 {[%emt 0:00:00]} Rf7 {[%emt 0:00:01]} 30. Qh8 {[%emt 0:00:01]} Qxh8 {[%emt 0:00:01]} 31. Rxh8 {[%emt 0:00:00]} Rf8 {[%emt 0:00:00]} 32. Rh7+ {[%emt 0:00:01]} Rf7 {[%emt 0:00:00]} 33. Rh1 {[%emt 0:00:00]} Rf6 {[%emt 0:00:00]} 34. Ka2 {[%emt 0:00:00]} c6 {[%emt 0:00:00]} 35. Rg1 {[%emt 0:00:00]} a6 {[%emt 0:00:00]} 36. g4 {[%emt 0:00:00]} Ke6 {[%emt 0:00:00]} 37. g5 {[%emt 0:00:00]} Rf4 {[%emt 0:00:00]} 38. Rh1 {[%emt 0:00:01]} Kf5 {[%emt 0:00:00]} 39. Rh8 {[%emt 0:00:00]} d5 {[%emt 0:00:00]} 40. Rf8+ {[%emt 0:00:01]} Kg4 {[%emt 0:00:01]} 41. Rb8 {[%emt 0:00:00]} Rf5 {[%emt 0:00:00]} 42. Rxb7 {[%emt 0:00:00]} Kxg5 {[%emt 0:00:00]} 43. Rb4 {[%emt 0:00:00]} Rf4 {[%emt 0:00:00]} 44. Rxe4 {[%emt 0:00:00] (Lag: Av=0.68s, max=0.8s) (Lag: Av=0.68s, max=0.8s) (Lag: Av=0.68s, max=0.8s)} 1-0

[Event "Stay Safe Play From Home 394"]
[Site "Emanuel Lasker Arena"]
[Date "2020.08.19"]
[Round "7"]
[White "Dreamsoldier"]
[Black "Greblah"]
[Result "0-1"]
[WhiteElo "1215"]
[BlackElo "1876"]
[Annotator "NA"]
[PlyCount "46"]
[EventDate "2020.08.19"]
[EventType "swiss (blitz)"]

1. e4 {[%emt 0:00:02]} c6 {[%emt 0:00:00]} 2. e5 {[%emt 0:00:01]} d5 {[%emt 0:00:00]} 3. exd6 {[%emt 0:00:01]} exd6 {[%emt 0:00:01]} 4. Nf3 {[%emt 0:00:00]} d5 {[%emt 0:00:00]} 5. Nc3 {[%emt 0:00:00]} Nf6 {[%emt 0:00:00]} 6. d4 {[%emt 0:00:00]} Bg4 {[%emt 0:00:01]} 7. Be3 {[%emt 0:00:00]} Be7 {[%emt 0:00:01]} 8. Be2 {[%emt 0:00:00]} O-O {[%emt 0:00:00]} 9. h3 {[%emt 0:00:01]} Bh5 {[%emt 0:00:01]} 10. Ne5 {[%emt 0:00:01]} Bg6 {[%emt 0:00:01]} 11. Nxg6 {[%emt 0:00:01]} hxg6 {[%emt 0:00:01]} 12. O-O {[%emt 0:00:00]} Nbd7 {[%emt 0:00:01]} 13. Qd2 {[%emt 0:00:00]} Re8 {[%emt 0:00:01]} 14. f3 {[%emt 0:00:00]} Bb4 {[%emt 0:00:01]} 15. f4 {[%emt 0:00:00]} Bxc3 {[%emt 0:00:01]} 16. bxc3 {[%emt 0:00:00]} Ne4 {[%emt 0:00:00]} 17. Qd1 {[%emt 0:00:02]} Qa5 {[%emt 0:00:01]} 18. Rf3 {[%emt 0:00:01]} Nxc3 {[%emt 0:00:01]} 19. Bd2 {[%emt 0:00:01]} Nxd1 {[%emt 0:00:01]} 20. Bxa5 {[%emt 0:00:02]} Ne3 {[%emt 0:00:01]} 21. Bc7 {[%emt 0:00:03]} Nf5 {[%emt 0:00:01]} 22. Be5 {[%emt 0:00:01]} f6 {[%emt 0:00:02]} 23. Bd6 {[%emt 0:00:01]} Nxd4 {[%emt 0:00:01] Dreamsoldier terk eder Dreamsoldier terk eder Dreamsoldier terk eder (Lag: Av=0.32s, max=0.4s) (Lag: Av=0.32s, max=0.4s) (Lag: Av=0.32s, max=0.4s)} 0-1

[Event "Stay Safe Play From Home 394"]
[Site "Emanuel Lasker Arena"]
[Date "2020.08.19"]
[Round "7"]
[White "SashaGrebeniuc"]
[Black "MihailoVujic"]
[Result "0-1"]
[WhiteElo "1140"]
[BlackElo "2089"]
[PlyCount "50"]
[EventDate "2020.08.19"]
[EventType "swiss (blitz)"]

1. e4 {[%emt 0:00:03]} e5 {[%emt 0:00:00]} 2. Nf3 {[%emt 0:00:02]} Nc6 {[%emt 0:00:00]} 3. Bc4 {[%emt 0:00:01]} Nf6 {[%emt 0:00:01]} 4. Ng5 {[%emt 0:00:02]} d5 {[%emt 0:00:01]} 5. exd5 {[%emt 0:00:02]} Nd4 {[%emt 0:00:00]} 6. c3 {[%emt 0:00:03]} b5 {[%emt 0:00:01]} 7. Bd3 {[%emt 0:00:04]} Bf5 {[%emt 0:00:03]} 8. Bxf5 {[%emt 0:00:02]} Nxf5 {[%emt 0:00:01]} 9. d3 {[%emt 0:00:02]} Nxd5 {[%emt 0:00:01]} 10. Qf3 {[%emt 0:00:04]} Nde7 {[%emt 0:00:10]} 11. g4 {[%emt 0:00:05]} h6 {[%emt 0:00:01]} 12. Ne4 {[%emt 0:00:04]} Nd6 {[%emt 0:00:02]} 13. Nxd6+ {[%emt 0:00:02]} cxd6 {[%emt 0:00:02]} 14. Nd2 {[%emt 0:00:04]} Ng6 {[%emt 0:00:01]} 15. Nb3 {[%emt 0:00:02]} Rc8 {[%emt 0:00:05]} 16. Be3 {[%emt 0:00:01]} Be7 {[%emt 0:00:01]} 17. Na5 {[%emt 0:00:03]} O-O {[%emt 0:00:02]} 18. Nc6 {[%emt 0:00:02]} Qd7 {[%emt 0:00:02]} 19. Nxe7+ {[%emt 0:00:02]} Qxe7 {[%emt 0:00:01]} 20. O-O-O {[%emt 0:00:03]} Rfd8 {[%emt 0:00:02]} 21. Kb1 {[%emt 0:00:00]} d5 {[%emt 0:00:01]} 22. h4 {[%emt 0:00:01]} d4 {[%emt 0:00:01]} 23. Bxh6 {[%emt 0:00:02]} dxc3 {[%emt 0:00:02]} 24. Bxg7 {[%emt 0:00:03]} c2+ {[%emt 0:00:01]} 25. Ka1 {[%emt 0:00:02]} cxd1=Q+ {[%emt 0:00:01] Время Время Время (Lag: Av=0.86s, max=1.1s) (Lag: Av=0.86s, max=1.1s) (Lag: Av=0.86s, max=1.1s)} 0-1